Reunión técnica regional sobre desigualdades educativas de las jóvenes mujeres en América Latina y Caribe: informe final
Sparad:
| Institutionell upphovsman: | |
|---|---|
| Materialtyp: | Bok |
| Språk: | spanska |
| Publicerad: |
Ciudad de Panamá
OREALC
1983
|
| Ämnen: | |
| Taggar: |
Lägg till en tagg
Inga taggar, Lägg till första taggen!
|
MARC
| LEADER | 00000nam a2200000 a 4500 | ||
|---|---|---|---|
| 001 | UCW5908 | ||
| 003 | CL-VaPUC | ||
| 008 | 910821e19830000PN |||||||||||||||||spa|d | ||
| 082 | 0 | 4 | |a 376 |b UNE |2 21 |
| 110 | 2 | |a UNESCO |e author |9 310957 | |
| 245 | 1 | 0 | |a Reunión técnica regional sobre desigualdades educativas de las jóvenes mujeres en América Latina y Caribe: informe final |
| 300 | |a 208 p | ||
| 942 | |c BK | ||
| 945 | |d 19910821 00:00:00 | ||
| 260 | |a Ciudad de Panamá |b OREALC |c 1983 | ||
| 650 | 7 | |a EDUCACION DE LA MUJER |2 CL-VaPUC |9 307884 | |
| 651 | 0 | |a América Latina |9 255027 | |
| 583 | |a last modification |c 19910821 00:00:00 |k Rodrigo Vera | ||
| 999 | |c 219192 |d 219190 | ||
| 952 | |0 0 |1 0 |4 0 |6 376_000000000000000_UNE_1983 |7 0 |8 P |9 209805 |a BIBEDU |b BIBEDU |c BIBEDU_PB |d 2019-11-15 |i 2777177 |o 376 UNE 1983 |p 2777177 |r 2024-01-25 |w 2019-11-15 |y BK |k EDU | ||